000 00990cab a2200277 4500
001 ABS60225
008 090401t1999 xxu||||| |||| 00| 0 eng d
035 _a(Sirsi) u91319
041 _aeng
100 _aHartley, P.
245 _aChinese whispers?
260 _c1999
350 _a0
490 _aSolicitors` Journal
_v143(5) 29 January 1999, 80-81(2)
520 _aExamines the implications of the HL ruling in the case "Prince Jefri Bolkiah v KPMG" for solicitors and accountants. Suggests that the merger of large accounting firms may further restrict the choice for clients, and could lead to more conflicts of interest in the future.
650 _aACCOUNTANTS
650 _aCHINESE WALLS
650 _aCONFIDENTIALITY
650 _aCONFLICTS OF INTEREST
650 _aFORENSIC ACCOUNTANTS
650 _aPRINCE JEFRI BOLKIAH V KPMG
690 _aMANAGEMENT-BUSINESS MANAGEMENT-PROFESSIONAL PRACTICE
700 _aLevitt, T.
942 _n0
948 _c12/02/1999
999 _c57956
_d57956